<?xml version="1.0" encoding="UTF-8"?>
<collection xmlns="http://www.loc.gov/MARC21/slim">
 <record>
  <leader>01883nam a2200229Ia 4500</leader>
  <controlfield tag="001">CTU_233038</controlfield>
  <controlfield tag="008">210402s9999    xx            000 0 und d</controlfield>
  <datafield tag="082" ind1=" " ind2=" ">
   <subfield code="a">658.3</subfield>
  </datafield>
  <datafield tag="082" ind1=" " ind2=" ">
   <subfield code="b">L312</subfield>
  </datafield>
  <datafield tag="088" ind1=" " ind2=" ">
   <subfield code="a">8340101</subfield>
  </datafield>
  <datafield tag="100" ind1=" " ind2=" ">
   <subfield code="a">Võ, Thị Mộng Linh</subfield>
  </datafield>
  <datafield tag="245" ind1=" " ind2="0">
   <subfield code="a">Các yếu tố ảnh hưởng đến sự gắn bó của lao động trực tiếp tại các doanh nghiệp chế biến thủy sản trên địa bàn tỉnh Đồng Tháp :</subfield>
  </datafield>
  <datafield tag="245" ind1=" " ind2="0">
   <subfield code="b">Luận văn Thạc sĩ ngành. Quản trị kinh doanh</subfield>
  </datafield>
  <datafield tag="245" ind1=" " ind2="0">
   <subfield code="c">Võ Thị Mộng Linh ; Nguyễn Hữu Đặng (Cán bộ hướng dẫn)</subfield>
  </datafield>
  <datafield tag="260" ind1=" " ind2=" ">
   <subfield code="a">Cần Thơ</subfield>
  </datafield>
  <datafield tag="260" ind1=" " ind2=" ">
   <subfield code="b">Trường Đại học Cần Thơ</subfield>
  </datafield>
  <datafield tag="260" ind1=" " ind2=" ">
   <subfield code="c">2020</subfield>
  </datafield>
  <datafield tag="520" ind1=" " ind2=" ">
   <subfield code="a">Đề tài “Các nhân tố ảnh hưởng đến sự gắn bó của lao động trực tiếp tại các doanh nghiệp chế  biến thủy sản trên địa bàn tỉnh Đồng Tháp” sử dụng phương pháp nghiên cứu định lượng để xác định các nhân tố ảnh hưởng đến sự gắn bó của người lao động. Dữ liệu sử dụng trong nghiên cứu này được thu thập từ bảng câu hỏi gửi cho 250 lao động trực tiếp đang làm việc tại các doanh nghiệp chế biến thủy sản trên địa bàn tỉnh Đồng Tháp. Phương pháp phân tích sử dụng trong nghiên cứu này là mô hình hồi quy tuyến tính sau khi được kiểm định bởi hệ số Cronbach’s Alpha và phân tích nhân tố.</subfield>
  </datafield>
  <datafield tag="650" ind1=" " ind2=" ">
   <subfield code="a">Personnal management,Quản trị nhân sự</subfield>
  </datafield>
  <datafield tag="910" ind1=" " ind2=" ">
   <subfield code="b">tvtrong</subfield>
  </datafield>
  <datafield tag="910" ind1=" " ind2=" ">
   <subfield code="c">tvtrong,tvtrong</subfield>
  </datafield>
  <datafield tag="980" ind1=" " ind2=" ">
   <subfield code="a">Trung tâm Học liệu Trường Đại học Cần Thơ</subfield>
  </datafield>
 </record>
</collection>
